| 000 | 00319nam a22001337a 4500 | ||
|---|---|---|---|
| 020 | _qHB. | ||
| 040 | _cFIZZA ISHAQ | ||
| 082 |
_a005.43 _bKCW |
||
| 100 |
_aWANG,K.C. _990871 |
||
| 245 |
_aEMBEDDED AND REAL TIME OPERATING SYSTEMS / _cK.C.WANG. |
||
| 260 |
_aNEW YORK ; _c2017. |
||
| 300 | _a481 P. ; | ||
| 942 |
_2ddc _cBK |
||
| 999 |
_c589078 _d589078 |
||